|
|
|
|
| LEADER |
00000nab a2200000 a 4500 |
| 001 |
vtls000415451 |
| 003 |
SK-MaSNL |
| 005 |
20260304212928.0 |
| 008 |
250424c1991 xo 0 slo |
| 015 |
|
|
|a SNBRB19rr/mm-uuuuu
|
| 035 |
|
|
|a CL0415576
|
| 035 |
|
|
|a urn:nbn:sk:snk-abblrx
|
| 035 |
|
|
|a (urnnbn)urn:nbn:sk:snk:ar-00132x
|
| 035 |
|
|
|a (uuid)a473f3ed-7a16-474f-a680-79321a636293
|
| 040 |
|
|
|a SNKBUCL
|b slo
|c SNKBUCL
|e AACR2
|
| 041 |
0 |
|
|a eng
|
| 044 |
|
|
|a xo
|c SK
|
| 080 |
|
|
|a 595.771
|2 1981
|
| 100 |
1 |
|
|a Krištofík, Ján,
|d 1950-
|4 aut
|9 27954
|
| 245 |
1 |
0 |
|a A case of myasis in Slovakia caused by Lucilia sericata (Meigen, 1826), (Diptera, Calliphoridae)
|c Ján Krištofík, Miroslav Mikulecký
|
| 300 |
|
|
|b Res. slov., rus., lit. 1 zázn. v angl.
|
| 650 |
0 |
7 |
|a bzučivka zelená
|2 snkbucl
|9 243642
|
| 655 |
|
7 |
|a články z novín a časopisov
|2 snkbucl
|9 267496
|
| 700 |
1 |
|
|a Mikulecký, Miroslav,
|d 1959-
|4 aut
|9 218288
|
| 773 |
0 |
|
|t Biológia
|g Roč. 46, č. 2 (1991), s. 181-182
|
| 850 |
|
|
|a Slovenská národná knižnica
|
| 852 |
|
|
|a Slovenská národná knižnica
|
| 954 |
|
|
|a odborná, vedecká literatúra pôvodná (slovenská)
|2 lita
|
| 958 |
|
|
|a article15
|
| 958 |
|
|
|a RK
|
| 958 |
|
|
|a OND
|
| 958 |
|
|
|a EUIPO
|
| 992 |
|
|
|a RBX
|
| 999 |
|
|
|c 3133496
|d 3135426
|